Content Analysis of Information on Sustainability in Annual Reports of the Largest Czech and Slovak Companies
Výsledky pôvodného empirického výskumu v oblasti správ o udržateľnosti - kvantitatívna analýza obsahu výročných správ najväčších 40 českých a 40 slovenských spoločností.
Enregistré dans:
| Auteur principal: | |
|---|---|
| Autres auteurs: | , , |
| Format: | Chapitre de livre |
| Langue: | anglais |
| Sujets: | |
| Tags: |
Pas de tags, Soyez le premier à ajouter un tag!
|
MARC
| LEADER | 00000naa a2200000 4500 | ||
|---|---|---|---|
| 001 | 0251251 | ||
| 005 | 20240502083719.0 | ||
| 041 | 0 | |a eng | |
| 044 | |a ES | ||
| 245 | 1 | 0 | |a Content Analysis of Information on Sustainability in Annual Reports of the Largest Czech and Slovak Companies |c Jaroslav Wagner, Petr Petera, Aneta Krehnacova, Renata Paksiova |
| 520 | |a Výsledky pôvodného empirického výskumu v oblasti správ o udržateľnosti - kvantitatívna analýza obsahu výročných správ najväčších 40 českých a 40 slovenských spoločností. | ||
| 610 | 2 | 0 | |a podnik |
| 610 | 2 | 0 | |a správy výročné |
| 610 | 2 | 0 | |a informácie |
| 610 | 2 | 0 | |a zodpovednosť |
| 610 | 2 | 0 | |a zodpovednosť podniku spoločenská |
| 610 | 2 | 0 | |a reporting |
| 610 | 2 | 0 | |a rozvoj trvalo udržateľný |
| 610 | 2 | 0 | |a Slovensko |
| 610 | 2 | 0 | |a Česko |
| 610 | 2 | 0 | |a analýza empirická |
| 610 | 2 | 0 | |a analýza kvantitatívna |
| 100 | 1 | |a Wagner, Jaroslav | |
| 700 | 1 | |a Petera, Petr | |
| 700 | 1 | |a Křehnáčová, Aneta | |
| 700 | 1 | |a Pakšiová, Renáta, 1974- | |